000 00875nam a2200253 a 4500
001 BRL_1743
005 20190320211341.0
008 270715s1982----mx-ao#####---#000-0#spa-#
041 _aspa
044 _amx
050 4 _aF1221.T25
_b.M37 1982
100 1 _aMares Trías, Albino
_927765
245 1 0 _aRalámuli Nu´tugala Go´ame = Comida de los Tarahumaras
_cAlbino Mares Trías.
260 _aChihuahua, Chih.
_bDon Burgess McGuire
_c1982
300 _a501 p.
_bil.
_c21 cm.
500 _aAu2002
500 _aTexto en: ´en tarahumara del oeste de Bacusínare, Mpio. de Guazapares, Chihuahua y en español´
650 1 4 _aTarahumaras
_xAlimentos
_927766
650 1 4 _aIndígenas de México
_xAlimentos
_zChihuahua (Estado)
_927767
650 1 4 _aTarahumaras
_xVida social y costumbres
_925671
740 0 _aComida de los Tarahumaras
902 _aGRL
942 _2lcc
_cB
999 _c10551
_d10551